000
00225nam a2200085Ia 4500
245
0
_a
Herbs in the home
100
_a
RICHMOND, Katherine London, 2003
_9
95688
942
_c
BK
008
210817s9999 xx 000 0 und d
999
_c
399087
_d
399086